000 00450 a2200145 4500
999 _c5299
_d5299
020 _a9780750653466
050 _aNA 4145 SMI 2001
100 _aSmith, Peter F.
_eauthor
245 _aArchitecture in a climate of change :
_ba guide to sustainable design /
_cPeter F. Smith
264 _aBoston:
_bArchitectural Press,
_c2001
300 _ax, 214p. :
_bill. ;
500 _aIncludes bib
650 _aSustainable design
942 _2lcc
_cBK
_h4145
_iSMI
_kNA